| 000 | 00305 a2200133 4500 | ||
|---|---|---|---|
| 999 |
_c320463 _d320463 |
||
| 001 | 85390 | ||
| 003 | NUST | ||
| 005 | 20180119193526.0 | ||
| 008 | 180119b xxu||||| |||| 00| 0 eng d | ||
| 020 | _a9781597840637 | ||
| 082 | _a297.2 GUL | ||
| 100 |
_aM. Fethullah Gulen _99146 |
||
| 245 | _aIslamic Faith | ||
| 260 |
_aNew Jersy _bTughra Books _c2010 |
||
| 300 | _axi 268 | ||
| 942 |
_acae nust _k297.2 GUL _cBK _2ddc |
||